| 000 | 00601nam a2200181Ia 4500 | ||
|---|---|---|---|
| 008 | 090123s9999 xx 000 0 und d | ||
| 082 |
_b39683 _a891.463/दिक्षित |
||
| 100 | _aदिक्षित द.ना. | ||
| 245 | _aअलौकिक श्रीधर | ||
| 250 | _a1 | ||
| 260 |
_bसुविद्या प्रकाशन _c2006 |
||
| 300 | _a268 | ||
| 600 | _aदिक्षित द.ना. | ||
| 630 | _aअलौकिक श्रीधर | ||
| 700 | _aदिक्षित द.ना. | ||
| 730 | _aअलौकिक श्रीधर | ||
| 942 | _cBOOK | ||
| 999 |
_c77756 _d77756 |
||